000
00263nam a22001097a 4500
082
_a
973 HAR'U
100
_a
HARRIS, MARC
_9
57713
245
_a
THE UNITED STATES IN THE SECOND WORLD WAR
260
_a
NEWYORK
_b
BARNES & NOBLE
_c
1946
300
_a
167P
942
_c
BK
999
_c
567982
_d
567982